Les Héros,divinités et Dieux de la mythologique Grecques - Statistiques

Statistiques générales
  • Ce quiz a été pris 2 884 fois
  • Le résultat moyen est 26 sur 76
Statistiques - réponses
Réponse % Correct
14 Zeus
99%
10 Héra
94%
8 Hadès
92%
13 Poseidon
91%
2 Apollon
87%
5 Athéna
87%
1 Aphrodite
86%
4 Artémis
86%
3 Arès
85%
11 Hermès
82%
55 Hercule
81%
9 Héphaistos
80%
6 Déméter
78%
7 Dionysos
75%
58 Perséphone
71%
69 Ulysse
67%
48 Achille
65%
12 Hestia
65%
20 Gaia
62%
75 Persée
53%
17 Chronos
52%
68 Thésée
51%
26 Ouranos
48%
65 Jason
44%
60 Méduse
40%
36 Rhéa
36%
76 Oedipe
35%
70 Paris
34%
38 Atlas
33%
74 Hélène
32%
25 Nyx
30%
54 Eole
29%
40 Hélios
29%
43 Prométhée
29%
50 Asclépios
27%
66 Orphée
27%
67 Minotaure
26%
56 Minos
24%
32 Thanatos
24%
16 Chaos
23%
73 Pénélope
22%
22 Hypnos
21%
41 Léto
21%
72 Ménélas
19%
30 Tartare
18%
64 Béllérophon
16%
71 Priam
15%
34 Japet
14%
45 Polyphème
14%
51 Castor
13%
33 Hypérion
13%
52 Pollux
13%
39 Epiméthée
12%
44 Styx
12%
47 Typhon
12%
18 Erèbe
11%
29 Pontos
10%
63 Scylla
10%
21 Héméra
9%
19 Ether
8%
37 Téthys
8%
31 Thalassa
7%
57 Adonis
6%
15 Ananké
6%
23 Moros
6%
27 Ouréa
6%
53 Eaque
4%
24 Nèsoi
4%
42 Persès
4%
28 Phanès
4%
59 Ploutos
4%
49 Aristée
3%
62 Protée
3%
61 Sthéno
3%
46 Antiphatès
2%
35 Mnémosyme
2%
Aucun quiz correspondant
Distribution des résultats
% des personnes avec chaque résultat
Percentile par nombre de réponses
Votre historique - résultats
Vous n’avez pas pris ce quiz